| 000 | 00908nam a22002897a 4500 | ||
|---|---|---|---|
| 001 | 4465 | ||
| 003 | FISKH | ||
| 005 | 20240913123739.0 | ||
| 008 | 240911b cb ||||| |||| 00| 0 eng d | ||
| 020 | _a9780439240925 | ||
| 040 |
_aFISKH _beng _cFISKH _dFISKH |
||
| 050 | _aPZ7.P338 | ||
| 082 | _2813 | ||
| 100 |
_aPeck, Richard _d(1934–2018) |
||
| 245 |
_aA long way from chicago / _cBy Richard Peck A Novel in Stories |
||
| 250 | _aPublished in 1998 | ||
| 260 |
_aNew York : _bScholastic, _c1998. |
||
| 300 |
_a150 pages : _c20 cm |
||
| 505 | _aR | ||
| 520 | _aA boy recounts his annual summer trips to rural Illinois with his sister during the Great Depression to visit their larger-than-life grandmother. | ||
| 521 | 8 |
_a750L
_bLexile |
|
| 521 | 8 |
_aR
_bRaz-Plus |
|
| 650 |
_2Great Depression _aYoung adult |
||
| 650 |
_2Newbery Honor _aFunny |
||
| 942 |
_2ddc _cBK _n0 |
||
| 999 |
_c4465 _d4465 |
||